1 Thessalonians 4.13-18 in rabbinic perspective

Saved in:  
Bibliographic Details
Authors: Moss, Candida R. 1978- (Author) ; Baden, Joel S. 1977- (Author)
Format: Print Article
Language:English
Check availability: HBZ Gateway
Interlibrary Loan:Interlibrary Loan for the Fachinformationsdienste (Specialized Information Services in Germany)
Published: 2012
In: New Testament studies
Year: 2012, Volume: 58, Issue: 2, Pages: 199-212
Standardized Subjects / Keyword chains:B Bible. Thessalonicherbrief 1. 4,13-18 / Midrash / Text history
B Exegesis / Rabbinic Judaism
IxTheo Classification:HB Old Testament
HC New Testament
HD Early Judaism
Further subjects:B Paul Apostle
B Bible. Thessalonicherbrief 1. 4,13-18
B Day of the Lord
B Eschatology
B Midrash
Parallel Edition:Electronic

MARC

LEADER 00000caa a22000002c 4500
001 1646735714
003 DE-627
005 20220616125558.0
007 tu
008 160405s2012 xx ||||| 00| ||eng c
035 |a (DE-627)1646735714 
035 |a (DE-576)467454388 
035 |a (DE-599)BSZ467454388 
040 |a DE-627  |b ger  |c DE-627  |e rakwb 
041 |a eng 
084 |a 1  |2 ssgn 
100 1 |0 (DE-588)1042314381  |0 (DE-627)76864027X  |0 (DE-576)326829482  |4 aut  |a Moss, Candida R.  |d 1978- 
109 |a Moss, Candida R. 1978-  |a Moss, Candida 1978- 
245 1 0 |a 1 Thessalonians 4.13-18 in rabbinic perspective 
264 1 |c 2012 
336 |a Text  |b txt  |2 rdacontent 
337 |a ohne Hilfsmittel zu benutzen  |b n  |2 rdamedia 
338 |a Band  |b nc  |2 rdacarrier 
600 0 7 |0 (DE-588)118641549  |0 (DE-627)135580552  |0 (DE-576)209200332  |a Paulus  |c Apostel, Heiliger  |2 gnd 
630 0 7 |0 (DE-588)4277716-1  |0 (DE-627)104414413  |0 (DE-576)210729449  |a Bibel  |p Thessalonicherbrief  |n 1.  |n 4,13-18  |2 gnd 
650 0 7 |0 (DE-588)4133700-1  |0 (DE-627)105678163  |0 (DE-576)209646128  |a Midrasch  |2 gnd 
650 0 7 |0 (DE-588)4015508-0  |0 (DE-627)106336517  |0 (DE-576)208912002  |a Eschatologie  |2 gnd 
650 0 7 |0 (DE-588)4184346-0  |0 (DE-627)105295760  |0 (DE-576)210025085  |a Tag Jahwes  |2 gnd 
652 |a HB:HC:HD 
689 0 0 |d u  |0 (DE-588)4277716-1  |0 (DE-627)104414413  |0 (DE-576)210729449  |a Bibel  |2 gnd  |p Thessalonicherbrief  |n 1.  |n 4,13-18 
689 0 1 |d s  |0 (DE-588)4133700-1  |0 (DE-627)105678163  |0 (DE-576)209646128  |2 gnd  |a Midrasch 
689 0 2 |d s  |0 (DE-588)4117192-5  |0 (DE-627)104297603  |0 (DE-576)209507861  |2 gnd  |a Textgeschichte 
689 0 |5 (DE-627) 
689 1 0 |d s  |0 (DE-588)4015950-4  |0 (DE-627)104675314  |0 (DE-576)20891434X  |2 gnd  |a Exegese 
689 1 1 |d s  |0 (DE-588)4139772-1  |0 (DE-627)105632902  |0 (DE-576)209697199  |2 gnd  |a Rabbinismus 
689 1 |5 (DE-627) 
700 1 |0 (DE-588)138775524  |0 (DE-627)606702113  |0 (DE-576)309370442  |4 aut  |a Baden, Joel S.  |d 1977- 
773 0 8 |i In  |t New Testament studies  |d Cambridge [u.a.] : Cambridge Univ. Press, 1954  |g 58(2012), 2, Seite 199-212  |w (DE-627)12949528X  |w (DE-600)207162-9  |w (DE-576)01489324X  |x 0028-6885  |7 nnas 
773 1 8 |g volume:58  |g year:2012  |g number:2  |g pages:199-212 
776 |i Erscheint auch als  |n elektronische Ausgabe  |w (DE-627)1785739948  |k Electronic 
776 1 |o 10.1017/S0028688511000361 
935 |a mteo  |a BIIN 
951 |a AR 
BIB |a 1 
BIR |a 13004013_13004018  |b biblesearch 
ELC |b 1 
ITA |a 1  |t 1 
LOK |0 000 xxxxxcx a22 zn 4500 
LOK |0 001 3320077104 
LOK |0 003 DE-627 
LOK |0 004 1646735714 
LOK |0 005 20160405161123 
LOK |0 008 160404||||||||||||||||ger||||||| 
LOK |0 040   |a DE-Tue135  |c DE-627  |d DE-Tue135 
LOK |0 092   |o n 
LOK |0 852   |a DE-Tue135 
LOK |0 852 1  |9 00 
LOK |0 935   |a ixzs  |a ixmi 
LOK |0 936ln  |0 1442044136  |a HC 
LOK |0 936ln  |0 1442044160  |a HD 
LOK |0 939   |a 04-04-16  |b l01 
LOK |0 000 xxxxxcx a22 zn 4500 
LOK |0 001 3320077112 
LOK |0 003 DE-627 
LOK |0 004 1646735714 
LOK |0 005 20190311222400 
LOK |0 008 190311||||||||||||||||ger||||||| 
LOK |0 035   |a (DE-Tue135-1)214732 
LOK |0 040   |a DE-Tue135-1  |c DE-627  |d DE-Tue135-1 
LOK |0 852   |a DE-Tue135-1 
LOK |0 852 1  |c FTHNT097716/58/MSC  |m p  |9 00 
LOK |0 852 2  |b Z 4/546  |9 00 
LOK |0 935   |a iZSA 
LOK |0 936ln  |0 1442044128  |a HB 
LOK |0 936ln  |0 1442044136  |a HC 
LOK |0 938   |k p 
LOK |0 939   |a 11-03-19  |b l12 
ORI |a SA-MARC-ixtheoa001.raw 
STA 0 0 |a Day of the Lord,Day of Yahweh,Eschatology,Eschatology,Exegesis,Midrash,Midraš,Rabbinic Judaism,Text history,Text tradition,Tradition,Textual tradition 
STB 0 0 |a Eschatologie,Eschatologie,Exégèse,Histoire du texte,Jour de Dieu,Midrash,Rabbinisme 
STC 0 0 |a Día de Yavé,Escatología,Escatología,Exegesis,Historia textual,Midrash,Rabinismo 
STD 0 0 |a Escatologia,Escatologia,Esegesi,Giorno del Signore,Giorno di Jahvè,Giorno di Jahvè,Midrash,Rabbinismo,Ebraismo rabbinico,Ebraismo rabbinico,Storia del testo 
STE 0 0 |a 主的日子,耶稣华的日子,拉比犹太教,文本历史,注释,诠释,解经,米德拉什,密德拉西,米德拉西,终末论,终末论,末日论,末世论,末日论,末世论 
STF 0 0 |a 主的日子,耶穌華的日子,拉比猶太教,文本歷史,注釋,詮釋,解經,米德拉什,密德拉西,米德拉西,終末論,終末論,末日論,末世論,末日論,末世論 
STG 0 0 |a Dia de Javé,Escatologia,Escatologia,Exegese,História textual,Midrash,Rabinismo 
STH 0 0 |a День Яхве,История текста,Мидраш,Раввинизм,Экзегетика,Эсхатология (мотив),Эсхатология 
STI 0 0 |a Εξηγητική,Ερμηνευτική,Εσχατολογία (μοτίβο),Εσχατολογία,Ημέρα του Γιαχβέ,Ημέρα του Κυρίου,Ιστορία κειμένου,Μιντράς,Ραβινισμός 
SUB |a BIB 
SYA 0 0 |a Paulus,Apostolus, Heiliger,Paulus,Apostolos, Heiliger,Paulus,Apostolus,Paulus,von Tarsus, Apostel, Heiliger,Paulus,Sardensis, Apostel, Heiliger,Paulus,von Tarsos, Apostel, Heiliger,Paulus,Theologe, Apostel, Heiliger,Paulus,Apostolus, Sanctus,Paulus,Divus, Apostel, Heiliger,Paul,Apostle, Saint,Paul,Apôtre, Saint,Paullus,Apostel, Heiliger,Paulos,Apostel, Heiliger,Pavel,Apostel, Heiliger,Pawel,Apostel, Heiliger,Pablo,Apostel, Heiliger,Paolo,di Tarso, Apostel, Heiliger,Phòil,Apostel, Heiliger,Pól,Apostel, Heiliger,Paavalin,Apostel, Heiliger,Saulus,Apostel, Heiliger,Šāû́l,Apostel, Heiliger,Saulus,von Tarsus, Apostel, Heiliger,Paulus,von Tarsus,Paulus,Biblische Person,Saulus,von Tarsus,Saulus,Paavali,Apostel, Heiliger 
SYE 0 0 |a Midraš,Midrash , Letzte Dinge , Jahwetag 
SYG 0 0 |a Midraš,Midrash , Textüberlieferung,Überlieferung,Überlieferungsgeschichte,Text , Bibelauslegung,Bibelexegese,Biblische Auslegung,Bibelinterpretation,Biblische Exegese,Schriftauslegung , Rabbinische Theologie,Rabbinisches Judentum